000 00238nam a2200097Ia 4500
008 190216s9999||||xx |||||||||||||| ||und||
100 _aDorain
245 0 _aAkarbanika Resathanthrathile Sammitha
260 _bKerala Basha Inst
942 _cBK
999 _c40125
_d40125